00237nam a22000737a 4500082002700000245005800027260004100085526003700126 a621.56bRAMcL-8, P-18 aDesign problems in Air Conditioning and Refrigeration aNew YorkbIndustrial Press INCc1966 a0b0c0d621_560000000000000_RAM